000 00380nam a2200133Ia 4500
008 151001s9999||||xx |||||||||||||| ||und||
100 _aहरी नारायण आपटे
245 _aपण लक्षात कोण घेतो
250 _a9
260 _bआर्यभूषण मुद्रणालय
260 _c1965
300 _a503
365 _b21
999 _c956675
_d956672